| 000 | 02098nam0a2200373 4500 | ||
|---|---|---|---|
| 001 | RU\NLR\BIBL_A\012141058 | ||
| 005 | 20200116151643.0 | ||
| 010 |
_a978-5-17429-1160-9 _91000 |
||
| 021 |
_aRU _bКН-П-19-077029 _9КН-П-19-5565 |
||
| 035 | _a(NLR Aleph) 012141058 | ||
| 035 | _a(RuMoRGB)010119110 | ||
| 090 |
_a12096726 _c12096726 |
||
| 100 | _a20191115d2019 u y0rusy50 ca | ||
| 101 | 0 | _arus | |
| 102 | _aRU | ||
| 105 | _aach|z|||000zb | ||
| 200 | 1 |
_aПреподобный Алексий Сенакский (Шушания) - подвижник обители на "Острове Архангелов" и Теклатский женский монастырь _e[монография] _fмитрополит Шио (Муджири) _gПравославный Свято-Тихоновский гуманитарный университет |
|
| 210 |
_aМосква _cПСТГУ _d2019 |
||
| 215 |
_a333, [2] с., [24] л. ил., портр., факс. _d25 |
||
| 320 | _aБиблиогр.: с. 314-334 (402 назв.) | ||
| 600 | 0 |
_aАлексий _cШушания, Иоанн _cиеромонах _f1852 - 1923 _92434912 _3RU\NLR\AUTH\6601667083 |
|
| 601 | 0 | 2 |
_aТеклатский Рождественский женский монастырь _cГрузия _92434916 _3RU\NLR\AUTH\6601667085 |
| 686 | 2 | _aЭ372.16-574.8 | |
| 686 | 2 | _aЭ372.16-647.2 | |
| 700 | 0 |
_7ca _8rus _aШио _cМуджири, Элизбар Теймуразович _cмитрополит Сенакский _f1969- _9214577 _3RU\NLR\AUTH\770214633 |
|
| 702 | 0 |
_4570 _7ca _8rus _aАлексий _cШушания, Иоанн _cиеромонах _f1852-1923 _9214590 _3RU\NLR\AUTH\770214646 |
|
| 942 | _cBOOK | ||
| 980 | _aNBR | ||
| 980 | _aNB | ||